Présidentielle 2017 : Emmanuel Macron, les clés de la victoire diplomová práca

Saved in:
Bibliographic Details
Main Author: Suchomelová, Ema
Corporate Author: Fakulta aplikovaných jazykov EU v Bratislave. Katedra románskych a slovanských jazykov
Other Authors: Tureková, Andrea, 1979-
Format: Book
Language:French
Published: Bratislava 2018
Tags: Add Tag
No Tags, Be the first to tag this record!

MARC

LEADER 00000nbm a2200000 4500
001 0244031
005 20181011145429.4
041 0 |a fre 
044 |a SK 
245 1 0 |a Présidentielle 2017 : Emmanuel Macron, les clés de la victoire  |b diplomová práca  |c Ema Suchomelová ; školiteľ: Andrea Tureková 
264 1 |a Bratislava  |c 2018 
300 |a 67 s. 
100 1 |a Suchomelová, Ema 
700 1 |a Tureková, Andrea, 1979- 
710 2 |a Fakulta aplikovaných jazykov EU v Bratislave. Katedra románskych a slovanských jazykov